000 00467nam a2200205Ia 4500
008 170918s9999 xx 000 0 und d
020 _a9780439568390
050 _bS859go 1992
100 _aStine, R. L.
245 _aMonster blood /
245 _cby R. L. Stine.
260 _aNew York :
260 _bScholastic,
260 _c1992
300 _a128 pages :
300 _billustrations ;
300 _c19cm.
300 _eGoosebumps.
500 _a640
999 _c344386
_d344386